De Roma a Jerusalén (Record no. 167143)

MARC details
000 -LEADER
campo de control de longitud fija 00885nam a2200217 4500
001 - NÚMERO DE CONTROL
campo de control 167143
003 - IDENTIFICADOR DE NÚMERO DE CONTROL
campo de control ES-MaACL
005 - FECHA Y HORA DE LA ÚLTIMA TRANSACCIÓN
campo de control 20230906213452.0
008 - DATOS DE LONGITUD FIJA--INFORMACIÓN GENERAL
campo de control de longitud fija 950504s1890 sp a |||| | spa d
040 ## - FUENTE DE CATALOGACIÓN
Centro catalogador/agencia de origen EUS
Lengua de catalogación spa
Centro/agencia transcriptor EUS
100 1# - ENTRADA PRINCIPAL--NOMBRE DE PERSONA
Nombre de persona Velasco del Real, Octavio.
9 (RLIN) 133594
245 10 - MENCIÓN DEL TÍTULO
Título De Roma a Jerusalén
Resto del título : viaje á Siria y Palestina /
Mención de responsabilidad, etc. Octavio Velasco del Real ; obra ilustrada con profusión de grabados originales de distinguidos artistas.
260 ## - PUBLICACIÓN, DISTRIBUCIÓN, ETC.
Lugar de publicación, distribución, etc. Barcelona :
Nombre del editor, distribuidor, etc. Establecimiento tipolitográfico editorial de Ramón Molinas,
Fecha de publicación, distribución, etc. [s.a.]
300 ## - DESCRIPCIÓN FÍSICA
Extensión 435 p.: il. ;
Dimensiones 24 cm.
490 1# - MENCIÓN DE SERIE
Mención de serie Biblioteca de "La Ilustración Ibérica"
596 ## - NOTA AL PIE DE IMPRENTA
NOTA AL PIE DE IMPRENTA Según Palau XXVI, 357298 impreso hacia 1890.
700 1# - ENTRADA AGREGADA--NOMBRE PERSONAL
Nombre de persona Molinas, Ramón.
9 (RLIN) 130031
830 0# - PUNTO DE ACCESO ADICIONAL DE SERIE-TÍTULO UNIFORME
Título uniforme Biblioteca de "La Ilustración Ibérica"
9 (RLIN) 187640
852 ## - LOCALIZACIÓN
Ubicación ES-MaACL
Número de control de estantería G-14983
Nota libre -- Enc. tela grab.
Holdings
Estatus retirado Estado de pérdida Estado de daño No para préstamo Biblioteca de origen Biblioteca actual Ubicación en estantería Fecha de adquisición Fuente de adquisición Total de préstamos Signatura topográfica completa Código de barras Visto por última vez Precio de reemplazo Tipo de ítem Koha
        Biblioteca del Ateneo de Madrid Biblioteca del Ateneo de Madrid Sala Pecera Planta 3 17/01/2008     G-14983 1175331 23/02/2023 23/02/2023 Libro impreso